| 000 | 00636nam a2200205Ia 4500 | ||
|---|---|---|---|
| 003 | GCL | ||
| 008 | 140319s9999 xx 000 0 ara d | ||
| 040 |
_aGCL / _cGCL |
||
| 082 | 0 | 4 |
_a325.309 _bت ا |
| 100 | 1 | _aمحمد السيد غلاب | |
| 245 | 1 | 0 |
_aالاستعمار الحديث / _cمحمد السيد غلاب |
| 700 | 1 | _aتشرش، ر.ج هاريسون | |
| 300 | _a275 ص | ||
| 490 |
_aالالف كتاب _v0 |
||
| 650 | 0 | 4 | _aالدول النامية |
| 650 | 0 | 4 | _aالاستعمار |
| 650 | 0 | 4 | _aالاستعمار فى البلاد العربية |
| 650 | 0 | 4 | _aالاستعمار الجديد |
| 942 |
_2ddc _cBK |
||
| 999 |
_c45660 _d45660 |
||